Zodpovednosť starostov obcí a primátorov miest za spôsobenú škodu

Postavenie starostu obce. Postavenie primátora mesta. Úprava zodpovednosti starostov a primátorov za škodu pri výkone štátnej správy. Úprava zodpovednosti starostov a primátorov pri výkone samosprávy.

Gespeichert in:
Bibliographische Detailangaben
1. Verfasser: Wáclavová, Linda
Format: Buchkapitel
Sprache:Slowakisch
Schlagworte:
Tags: Tag hinzufügen
Keine Tags, Fügen Sie das erste Tag hinzu!

MARC

LEADER 00000naa$a2200000$$$4500
001 0116755
005 20241121124954.3
041 0 |a slo 
044 |a SK 
245 1 0 |a Zodpovednosť starostov obcí a primátorov miest za spôsobenú škodu  |c Linda Wáclavová 
520 |a Postavenie starostu obce. Postavenie primátora mesta. Úprava zodpovednosti starostov a primátorov za škodu pri výkone štátnej správy. Úprava zodpovednosti starostov a primátorov pri výkone samosprávy. 
610 2 0 |a zodpovednosť za škody 
610 2 0 |a správa štátna 
610 2 0 |a starostovia 
610 2 0 |a primátori 
610 2 0 |a samospráva miestna 
610 2 0 |a legislatíva 
610 2 0 |a ústava 
100 1 |a Wáclavová, Linda